Vagaries of Desire: A Collection of Philosophical Essays (Record no. 91110)
[ view plain ]
| 000 -LEADER | |
|---|---|
| fixed length control field | 01287nam a2200229Ia 4500 |
| 000 - LEADER | |
| fixed length control field | 01569naaa 00253uu |
| 001 - CONTROL NUMBER | |
| control field | https://directory.doabooks.org/handle/20.500.12854/32205 |
| 005 - DATE AND TIME OF LATEST TRANSACTION | |
| control field | 20260218110059.0 |
| 008 - FIXED-LENGTH DATA ELEMENTS--GENERAL INFORMATION | |
| fixed length control field | 211013s9999 xx 000 0 und d |
| 024 ## - OTHER STANDARD IDENTIFIER | |
| Standard number or code | 10.1163/9789004410305 |
| 042 ## - AUTHENTICATION CODE | |
| Authentication code | dc |
| 245 #0 - TITLE STATEMENT | |
| Title | Vagaries of Desire: A Collection of Philosophical Essays |
| 260 ## - PUBLICATION, DISTRIBUTION, ETC. | |
| Name of publisher, distributor, etc. | Brill |
| Date of publication, distribution, etc. | 2019 |
| 300 ## - PHYSICAL DESCRIPTION | |
| Extent | 1 electronic resource (236 p.) |
| 520 ## - SUMMARY, ETC. | |
| Summary, etc. | In Vagaries of Desire, Timo Airaksinen develops a new philosophical account of desire understood as mental state that focuses on a desirable possible world. Literary and philosophical themes, including sexuality, are discussed in terms of their metaphoric and metonymic features. Readership: Advanced students and specialists in philosophy of mind, anyone who is interested in the application of rhetorical notions to literature and philosophy, students and specialist in sexual ethics. |
| 540 ## - TERMS GOVERNING USE AND REPRODUCTION NOTE | |
| Terms governing use and reproduction | Creative Commons |
| 653 ## - INDEX TERM--UNCONTROLLED | |
| Uncontrolled term | History of Western philosophy |
| 700 1# - ADDED ENTRY--PERSONAL NAME | |
| Personal name | Airaksinen, Timo |
| 856 ## - ELECTRONIC LOCATION AND ACCESS | |
| Uniform Resource Identifier | <a href="https://docs.google.com/spreadsheets/d/1yKIrdCPDAG_9c22mwoOIO2DOhtj65Wqa/edit?usp=sharing&ouid=106555315294820607512&rtpof=true&sd=true ">https://docs.google.com/spreadsheets/d/1yKIrdCPDAG_9c22mwoOIO2DOhtj65Wqa/edit?usp=sharing&ouid=106555315294820607512&rtpof=true&sd=true </a> |
| Link text | List of Curated E-Books |
| 942 ## - ADDED ENTRY ELEMENTS (KOHA) | |
| Koha item type | E-Book |
No items available.